Things found in an Ocean - Statistics

General Stats
  • This quiz has been taken 23 times
  • The average score is 16 of 30
Answer Stats
Hint Answer % Correct
Stings when you touch it Jellyfish
100%
Nemo Clownfish
79%
Spits water out the blowhole and is Miamis football team Dolphin
68%
Jaws movie Great White
68%
Toxic for animals, and they get stuck in it from pollution Plastic
68%
Horse like heads, Male carries the babies Seahorse
68%
Shoots ink at predators Squid
68%
What Patrick is in Spongebob Starfish
68%
Has 8 hearts and can fit in tight spaces Octopus
63%
Two tusks and commonly found in Antarctica Walrus
63%
Electric and dangerous Eel
58%
A black and white whale Killer Whale
58%
A fake creature with a unicorn like horn Narwhal
58%
A bird that cant fly, but can swim fast Penguin
58%
Plant underwater that you can eat Seaweed
58%
Biggest ocean animal Blue Whale
53%
Brown Seaweed Kelp
53%
Tampa's Baseball team Sting Ray
53%
A pearl found on the inside Clam
47%
A ugly beast that shares its name with a tool Hammerhead
47%
Miami's Baseball team Marlin
47%
Open the shell and eat, ( We gain it when we work out) Mussel
47%
Blows up with spikes Pufferfish
47%
Famous on the coast as a cake (not sweet cake) Crab
42%
What Australia is know for Coral Reef
32%
a restaurant that just closed numerous locations Lobster
32%
Has Spines and you eat the inside Urchin
32%
A fury white animal dying more often Polar Bear
26%
Lives over 100 years, and they come out of water Sea Turtle
26%
Extinct creature Meglodon
5%
No matching quizzes found
Score Distribution
Percent of People with Each Score
Percentile by Number Answered
Your Score History
You have not taken this quiz